Sports Quiz

Random Sports or Football Quiz

XFL Statistics Leaders Quiz Stats

Quiz not verified by Sporcle

Challenge
Share
Tweet
Embed
Score 0/11 Timer 03:00
0 Plays Today
Category Player % Correct
Passing YardsTommy Maddox
100%
Passing TouchdownsTommy Maddox
99.2%
Rushing YardsJohn Avery
21.8%
Field Goals MadeJose Cortez
13.7%
Defensive InterceptionsCorey Ivy
5.6%
Receiving YardsStepfret Williams
4.8%
Passing InterceptionsBrian Kuklick
4%
Rushing TouchdownsDerrick Clark
4%
Receiving TouchdownsDarnell McDonald
3.2%
SacksAntonio Edwards
3.2%
TacklesJames Willis
2.4%

You're not logged in!

Compare scores with friends on all Sporcle quizzes.
Join for Free
OR
Log In

You Might Also Like...

Show Comments

Extras

Created Sep 10, 2010SourceReportNominate
Tags:Football Quiz, xfl

Top Quizzes Today


Score Distribution

Your Account Isn't Verified!

In order to create a playlist on Sporcle, you need to verify the email address you used during registration. Go to your Sporcle Settings to finish the process.

Report this User

Report this user for behavior that violates our Community Guidelines.

Details: